Statistiken für Quiz über das Jahr 2004

Klicken Sie hier um das Quiz zu spielen!

Allgemein

  • Dieses Quiz wurde 578 mal gespielt
  • Das Durchschnittsergebnis liegt bei 6 aus 15

Antwortstatistiken

FrageAntwort% Korrekt
Bemerkenswerte Website, aus einem Harvard-Schlafsaal gestartetFacebook
89%
Art der Katastrophe, bei der am 26. Dezember über 200.000 Menschen ums Leben kamenTsunami
82%
Sitcom mit Jennifer Aniston in der Hauptrolle, die ihre 10-jährige Laufzeit beendet hatFriends
80%
Land, in dem es eine umstrittene Wahl zwischen den Kandidaten Viktor Juschtschenko und
Viktor Yanukovych gab
Ukraine
70%
Stadt, die Gastgeber der Olympischen Sommerspiele war - 108 Jahre nach der ersten AustragungAthen
67%
Asiatischer Inselstaat, der der Europäischen Union beigetreten istZypern
62%
Der adrette Engländer, der der meistgesuchte Sportler bei Google warDavid Beckham
44%
Kanadische Smartphone-Marke mit über 1 Million NutzernBlackberry
33%
TV-Moderatorin, die ein neues Auto an alle Zuschauer im Studio verschenkteOprah Winfrey
26%
Sängerin, die beim Super Bowl eine "Kleiderschrankfehlfunktion" hatteJanet Jackson
25%
Bündnis, dem Bulgarien, Rumänien, Estland und vier weitere Länder angehörtenNATO
24%
Baseballteam, das seinen 85-jährigen "Fluch" mit dem Gewinn der World Series beendeteBoston Red Sox
11%
Schauspielerin, die mit Ehemann Chris Martin ihr neugeborenes Baby "Apple" nannteGwyneth Paltrow
8%
Asiatischer Wolkenkratzer, der das höchste Gebäude der Welt wurdeTaipei 101
8%
Land, dessen Führer Jean-Bertrand Aristide zum zweiten Mal durch einen Staatsstreich gestürzt wurdeHaiti
7%

Verteilung der Resultate

Perzentil nach korrekt beantworteten Fragen

Anzahl Personen mit jedem Resultat

Ihre Resultats-Entwicklung

Sie haben dieses Quiz noch nicht gespielt